000 00644nam a22002297a 4500
003 UA-OsUOA
001 52930
007 ta
008 20080306b un ||||| |||| 00| 0 ukr d
090 _a821.161.1
_bУ45
942 _cBK
040 _aUA-OsUOA
_bukr
_cUA-OsUOA
_dUA-OsUOA
245 _aУкраїна. Російська поезія ХХ сторіччя: Поетична антологія
300 _a784 с.
955 _a2
041 _aukr
080 _a821.161.1
020 _a966-7082-19-9
260 _aК.
_bЮГ
_c2007
650 7 _a82 Література. Літературознавство
_2UDC
999 _c339016
_d339016